000 01054nmm a2200385 a 4500
003 AR-BaBNM
005 20251128210937.0
008 181120s1996 ||||||||||||||000 | spa||
020 _a950-701-271-0
040 _cAR-BaBNM
100 1 _aForero, María Teresa
245 1 0 _aPáginas con Cuyo
_bantología
250 _a1ª ed.
260 _aBuenos Aires
_bAique
_c1996
300 0 _a143 p.
_bil., fot.
500 0 _aContiene datos sobre los autores
650 4 _aLITERATURA ARGENTINA
650 4 _aLITERATURA INFANTIL
650 4 _aLIBROS PARA NINOS
650 4 _aCUENTOS
650 4 _aPOESIA
650 4 _aENTREVISTAS
650 4 _aACTIVIDADES DE APRENDIZAJE
650 4 _aLITERATURA FOLKLORICA
650 4 _aANTOLOGIAS
653 0 _aEDUCACION PRIMARIA
653 0 _aENSENANZA DE LA LITERATURA
655 _aLITERATURA
700 1 _aCukier, Zulema
_edirector
700 1 _aBarros, Diego F.
_ecoordinador
700 1 _aLlano, Adriana
_ediseño
700 1 _aPironio, Mónica
_ecorrector
942 _cBK
998 _cRAQUEL
999 _c17575
_d17575